| 000 | 00714cam a22001814a 4500 | ||
|---|---|---|---|
| 005 | 20250605164357.0 | ||
| 008 | 250528s ||||||||||||||||||||||||d | ||
| 035 | _a24399 | ||
| 040 |
_aGR-AtMCL _bgre _dGR-AtMCL _eAACR2 |
||
| 245 | 1 | _aThermodynamic Probes of Cold Instability | |
| 260 |
_bRussel Publishing Ltd, _c2019 |
||
| 300 | _a81 | ||
| 520 | _aMedicine Delivery by Drone: The Implications on the Safety and Quality of Medicines, Chromatographic Techniques: Identifying Impurities in Radiopharmaceuticals, Regulatory Non-Compliance: Considerations for Biopharma and Medical Device Manufacturers. | ||
| 700 | 1 |
_aWithers Nikki _99460 |
|
| 942 | _cCR | ||
| 999 |
_c9285 _d9285 |
||